| 000 | 00417nam a2200181Ia 4500 | ||
|---|---|---|---|
| 001 | 19109 | ||
| 005 | 20260306171720.0 | ||
| 008 | 260306s9999||||xx |||||||||||||| ||und|| | ||
| 041 | _aESP | ||
| 082 |
_a658.8 _bK77T |
||
| 100 |
_aKotler, Philip _eAUT |
||
| 245 | 0 | _aMarketing turístico | |
| 260 | _c2015 | ||
| 300 |
_axx, 682 páginas : _c25 cm. |
||
| 650 | _aGEN | ||
| 654 | _aCAN | ||
| 942 |
_cLIB _dJUS _fJUS _2ddc _n |
||
| 999 |
_c19109 _d19109 |
||